Statistics for Municipalities of Puerto Rico (with a map)

Click here to take the quiz!

General Stats

  • This quiz has been taken 3,012 times
    (3,009 since last reset)
  • The average score is 50 of 78

Answer Stats

Municipality % Correct
San Juan
93%
Ponce
87%
Arecibo
82%
Mayagüez
82%
Fajardo
80%
Aguadilla
80%
Bayamón
79%
Vieques
77%
Culebra
77%
Cabo Rojo
77%
Carolina
76%
Rincón
75%
Aguada
73%
Caguas
73%
Toa Baja
72%
Toa Alta
72%
Guaynabo
72%
Florida
70%
Isabela
70%
Vega Alta
70%
Vega Baja
70%
Humacao
69%
Utuado
67%
Hormigueros
67%
Lares
67%
Dorado
67%
Yauco
67%
San Germán
66%
Manatí
66%
Ceiba
65%
Loíza
65%
Hatillo
65%
Cayey
65%
Luquillo
64%
Barceloneta
64%
Cataño
63%
Santa Isabel
63%
Salinas
62%
Orocovis
62%
Camuy
62%
Lajas
62%
San Sebastián
62%
Las Marías
62%
Río Grande
62%
Aibonito
61%
Guánica
61%
Adjuntas
60%
Coamo
60%
Guayama
59%
Peñuelas
59%
Moca
59%
Añasco
59%
Naguabo
59%
Jayuya
59%
Trujillo Alto
58%
Canóvanas
58%
Juana Díaz
57%
Yabucoa
57%
Ciales
57%
Gurabo
56%
Guayanilla
56%
Quebradillas
56%
Aguas Buenas
55%
Maunabo
55%
San Lorenzo
55%
Las Piedras
55%
Barranquitas
55%
Patillas
54%
Morovis
54%
Arroyo
53%
Maricao
53%
Juncos
53%
Cidra
52%
Naranjito
52%
Sabana Grande
51%
Corozal
50%
Villalba
49%
Comerío
45%

Score Distribution

Percentile by Number Answered

Percent of People with Each Score

Your Score History

You have not taken this quiz since the last reset